[Event "28.Schlosspark-Open"]
[Site "Wiesbaden-Biebrich"]
[Date "2016.08.28"]
[Round "7.1"]
[White "Khenkin, Igor"]
[Black "Gutman, Lev"]
[Result "1/2-1/2"]
[WhiteElo "2553"]
[BlackElo "2439"]
[PlyCount "20"]
[EventDate "2016.??.??"]
[WhiteTeam "SG Porz"]
[BlackTeam "SV Lingen"]

1. d4 Nf6 2. c4 g6 3. Nc3 d5 4. cxd5 Nxd5 5. Bd2 Bg7 6. e4 Nb6 7. Be3 O-O 8. h3
Be6 9. Nf3 Bc4 10. Be2 Na6 1/2-1/2

[Event "28.Schlosspark-Open"]
[Site "Wiesbaden-Biebrich"]
[Date "2016.08.28"]
[Round "7.3"]
[White "Ikonnikov, Vyacheslav"]
[Black "Bauer, Björn-Benny"]
[Result "1-0"]
[WhiteElo "2536"]
[BlackElo "2251"]
[PlyCount "61"]
[EventDate "2016.??.??"]
[WhiteTeam "SF Bad Mergentheim"]
[BlackTeam "SK Gau-Algesheim"]

1. d4 Nf6 2. c4 e6 3. Nf3 c5 4. d5 d6 5. Nc3 g6 6. e4 Bg7 7. h3 O-O 8. Bd3 exd5
9. cxd5 b5 10. O-O b4 11. Ne2 Ba6 12. Bxa6 Nxa6 13. Qd3 Nc7 14. Ng3 Nd7 15. Bg5
Bf6 16. h4 Bxg5 17. hxg5 Qe7 18. Rae1 Ne5 19. Nxe5 Qxe5 20. Qd2 Rfe8 21. f4
Qd4+ 22. Qxd4 cxd4 23. Rc1 Nb5 24. Rc4 a5 25. Kf2 h5 26. gxh6 Kh7 27. Rh1 Rac8
28. Rxc8 Rxc8 29. e5 Rc2+ 30. Kf3 d3 31. Ne4 1-0

[Event "28.Schlosspark-Open"]
[Site "Wiesbaden-Biebrich"]
[Date "2016.08.28"]
[Round "7.4"]
[White "Poetsch, Hagen"]
[Black "Henrich, Thomas"]
[Result "1-0"]
[WhiteElo "2501"]
[BlackElo "2240"]
[PlyCount "49"]
[EventDate "2016.??.??"]
[WhiteTeam "SF Schöneck"]
[BlackTeam "SK Marburg"]

1. e4 c5 2. Nf3 d6 3. d4 cxd4 4. Nxd4 Nf6 5. Nc3 Bd7 6. Bg5 e6 7. Ndb5 Bc6 8.
Bxf6 gxf6 9. Qh5 Qb6 10. O-O-O Nd7 11. Nxd6+ Bxd6 12. Rxd6 Ke7 13. Rd2 Ne5 14.
f4 Ng6 15. g3 Rad8 16. Bd3 Rd4 17. Rhd1 Rc8 18. Bb5 Rxd2 19. Rxd2 Kf8 20. Bxc6
bxc6 21. Qxh7 Qg1+ 22. Nd1 Ke7 23. Qh5 Rb8 24. Qf3 Kf8 25. Qf2 1-0

[Event "28.Schlosspark-Open"]
[Site "Wiesbaden-Biebrich"]
[Date "2016.08.28"]
[Round "7.5"]
[White "Ruppert, Wolfgang"]
[Black "Carlstedt, Jonathan"]
[Result "1/2-1/2"]
[WhiteElo "2178"]
[BlackElo "2450"]
[PlyCount "82"]
[EventDate "2016.??.??"]
[WhiteTeam "SC Flörsheim"]
[BlackTeam "Hamburger SK"]

1. e4 e5 2. Nf3 Nc6 3. d4 exd4 4. Nxd4 Nf6 5. Nxc6 bxc6 6. e5 Qe7 7. Qe2 Nd5 8.
c4 Ba6 9. b3 g6 10. Nd2 Bg7 11. Bb2 O-O 12. O-O-O Rfe8 13. Qe4 f5 14. exf6 Nxf6
15. Qc2 c5 16. Bd3 Bb7 17. f3 a5 18. a4 Ra6 19. Kb1 Rb6 20. Ka2 Bc6 21. Bc3 d5
22. Rhe1 Qxe1 23. Rxe1 Rxe1 24. Ne4 dxe4 25. Bxe1 exd3 26. Qxd3 Rb8 27. Bxa5
Re8 28. Bc3 Kf7 29. g4 Bh6 30. Bb2 Bf4 31. h4 Nd7 32. h5 Re3 33. hxg6+ hxg6 34.
Qd1 Ke6 35. Qb1 Ne5 36. Bxe5 Bxe5 37. Qxg6+ Kd7 38. Qf5+ Kd6 39. Qf8+ Kd7 40.
Qf5+ Kd6 41. Qf8+ Kd7 1/2-1/2

[Event "28.Schlosspark-Open"]
[Site "Wiesbaden-Biebrich"]
[Date "2016.08.28"]
[Round "7.6"]
[White "Minor, Samuel"]
[Black "Malek, Daniel"]
[Result "1-0"]
[WhiteElo "2189"]
[BlackElo "2430"]
[PlyCount "129"]
[EventDate "2016.??.??"]
[WhiteTeam "Wiesbadener SV"]
[BlackTeam "SK Zehlendorf"]

1. e4 e6 2. d4 d5 3. exd5 exd5 4. c4 Nf6 5. Nc3 Be7 6. Qb3 O-O 7. cxd5 Nbd7 8.
g3 Re8 9. Nge2 Nb6 10. Bg2 Bg4 11. O-O Qd7 12. Nf4 Bd6 13. Qb5 Qc8 14. Bd2 a6
15. Qb3 Qd7 16. Rfe1 h5 17. a4 a5 18. Qb5 Rxe1+ 19. Rxe1 Qc8 20. Ne4 Nxe4 21.
Bxe4 h4 22. b3 Bf5 23. Bf3 Qd8 24. Ng2 h3 25. Ne3 Bd7 26. Qd3 g6 27. Ng4 Bxg4
28. Bxg4 Nxd5 29. Bxh3 Bb4 30. Bxb4 Nxb4 31. Qb5 b6 32. Bg2 Rc8 33. d5 Qd6 34.
h4 Kg7 35. Qc4 Rd8 36. Rd1 Qe5 37. Bf3 Rd7 38. Kg2 Kg8 39. Rd2 Kg7 40. Re2 Qf5
41. Rd2 Qe5 42. Rd1 Kg8 43. Qd4 Qxd4 44. Rxd4 Kg7 45. Rd1 Kf6 46. g4 Ke5 47.
Kg3 Rd8 48. Re1+ Kd6 49. Re3 Rf8 50. Kf4 Nxd5+ 51. Bxd5 Kxd5 52. Kg5 c6 53. Kf6
Rh8 54. Rh3 Ke4 55. Kg7 Rd8 56. h5 gxh5 57. gxh5 f5 58. h6 b5 59. h7 bxa4 60.
bxa4 c5 61. h8=Q Rxh8 62. Rxh8 c4 63. Ra8 c3 64. Rxa5 Kd4 65. Ra8 1-0

[Event "28.Schlosspark-Open"]
[Site "Wiesbaden-Biebrich"]
[Date "2016.08.28"]
[Round "7.7"]
[White "Boidman, Yuri"]
[Black "Hahn, Florian"]
[Result "1-0"]
[WhiteElo "2315"]
[BlackElo "2145"]
[PlyCount "43"]
[EventDate "2016.??.??"]
[WhiteTeam "SC Heimbach-Weis"]
[BlackTeam "SC Herborn"]

1. e4 c5 2. Nf3 e6 3. Nc3 Nc6 4. Bb5 Nge7 5. O-O a6 6. Bxc6 Nxc6 7. d4 cxd4 8.
Nxd4 Qc7 9. Nxc6 Qxc6 10. Qg4 b5 11. Bf4 Bb7 12. Rfe1 h5 13. Qg5 Rc8 14. Rad1
h4 15. h3 Qc5 16. Nd5 Bxd5 17. exd5 Qe7 18. Qg4 Rc4 19. b3 Rc8 20. Bg5 Qb4 21.
dxe6 fxe6 22. Rxe6+ 1-0

[Event "28.Schlosspark-Open"]
[Site "Wiesbaden-Biebrich"]
[Date "2016.08.28"]
[Round "7.8"]
[White "Bösch, Udo"]
[Black "Grimm, Julius"]
[Result "1/2-1/2"]
[WhiteElo "2101"]
[BlackElo "2288"]
[PlyCount "103"]
[EventDate "2016.??.??"]
[WhiteTeam "SK Ebringen"]
[BlackTeam "SV Griesheim"]

1. d4 d5 2. Nf3 Nf6 3. g3 c6 4. Bg2 Bf5 5. Nbd2 e6 6. O-O h6 7. b3 Be7 8. Bb2
O-O 9. c4 Ne4 10. Ne5 Nxd2 11. Qxd2 Nd7 12. Nxd7 Qxd7 13. Rfd1 a5 14. a3 a4 15.
cxd5 cxd5 16. b4 Rfc8 17. Rac1 g5 18. Rxc8+ Rxc8 19. Rc1 Rc6 20. Rxc6 Qxc6 21.
Qc3 Qxc3 22. Bxc3 Kf8 23. Bf1 Bd6 24. e3 Ke7 25. Bb5 Bc2 26. f3 f6 27. Kf2 Bd1
28. Bb2 Bb3 29. Bc3 e5 30. Bb2 Ke6 31. Bc3 Bc7 32. Bb2 Bb6 33. Bc3 Ba7 34. Bb2
Bb8 35. Bc3 Bd6 36. Bb2 Bf8 37. Bc3 Bg7 38. Bb2 f5 39. f4 exf4 40. exf4 Bf6 41.
Bc3 h5 42. Ke3 h4 43. Be1 h3 44. Bf2 Be7 45. Be1 Bd8 46. Bf2 Bf6 47. Bf1 g4 48.
Bb5 Be7 49. Be1 Bd6 50. Bc3 Bc2 51. Bd2 Bb3 52. Bc3 1/2-1/2

[Event "28.Schlosspark-Open"]
[Site "Wiesbaden-Biebrich"]
[Date "2016.08.28"]
[Round "7.9"]
[White "Kersten, Uwe"]
[Black "Spitzl, Vinzent"]
[Result "1/2-1/2"]
[WhiteElo "2274"]
[BlackElo "2238"]
[PlyCount "61"]
[EventDate "2016.??.??"]
[WhiteTeam "Kasseler SK"]
[BlackTeam "SV Griesheim"]

1. d4 d5 2. c4 e6 3. Nc3 Be7 4. Nf3 Nf6 5. Bf4 O-O 6. e3 c5 7. dxc5 Bxc5 8. Qc2
dxc4 9. Bxc4 a6 10. O-O Nbd7 11. Rfd1 b5 12. Bd3 Bb7 13. Ng5 h6 14. Nge4 Be7
15. Nxf6+ Bxf6 16. Ne4 Be7 17. Bc7 Qc8 18. Rac1 Nf6 19. Nxf6+ Bxf6 20. Qd2 Qe8
21. Qb4 Be7 22. Qa5 Kh8 23. e4 f5 24. exf5 exf5 25. Qb6 Be4 26. Bf1 Bg5 27. Rc3
Qf7 28. f3 Bd5 29. Be5 Qe6 30. Qd4 Rfd8 31. Bxg7+ 1/2-1/2

[Event "28.Schlosspark-Open"]
[Site "Wiesbaden-Biebrich"]
[Date "2016.08.28"]
[Round "7.10"]
[White "Kiese, Matthias"]
[Black "Färber, David"]
[Result "1/2-1/2"]
[WhiteElo "2268"]
[BlackElo "2115"]
[PlyCount "57"]
[EventDate "2016.??.??"]
[WhiteTeam "Bochumer SV"]
[BlackTeam "SV Walldorf"]

1. d4 d5 2. Nf3 Nf6 3. c4 c6 4. Nc3 dxc4 5. a4 Bf5 6. e3 e6 7. Ne5 Nbd7 8. Nxd7
Qxd7 9. Bxc4 Bb4 10. O-O O-O 11. Qe2 Bg6 12. Rd1 Rfd8 13. f3 Qc7 14. Bd2 Rac8
15. Be1 c5 16. dxc5 Qxc5 17. Ba2 Qa5 18. Rxd8+ Rxd8 19. Rd1 a6 20. Rxd8+ Qxd8
21. e4 Ne8 22. Qc4 Bd6 23. Bf2 Qc7 24. g3 Qxc4 25. Bxc4 Nc7 26. Bb6 Kf8 27. Kf2
Ke7 28. f4 f6 29. Kf3 1/2-1/2

[Event "28.Schlosspark-Open"]
[Site "Wiesbaden-Biebrich"]
[Date "2016.08.28"]
[Round "7.12"]
[White "Rolle, Eric"]
[Black "Seickel, Ralf"]
[Result "1-0"]
[WhiteElo "2200"]
[BlackElo "2042"]
[PlyCount "73"]
[EventDate "2016.??.??"]
[WhiteTeam "SK Marburg"]
[BlackTeam "vereinslos"]

1. Nf3 Nf6 2. c4 g6 3. Nc3 Bg7 4. e4 c5 5. d4 cxd4 6. Nxd4 d6 7. Be2 Nc6 8. Be3
Bd7 9. O-O O-O 10. Rc1 a5 11. Qd2 a4 12. f4 Nxd4 13. Bxd4 Qa5 14. Rc2 e5 15.
Be3 exf4 16. Bxf4 Rfe8 17. Bd3 Ng4 18. Nd5 Qc5+ 19. Kh1 Bd4 20. Bg5 Be6 21. h3
h6 22. Bf4 Nf6 23. Bxh6 Nh5 24. Rf3 Bxd5 25. cxd5 Qb6 26. g4 Nf6 27. Qf4 Be5
28. Qc1 Bd4 29. Qf1 Nxe4 30. Bxe4 Rxe4 31. Rxf7 Rae8 32. Rf8+ Rxf8 33. Qxf8+
Kh7 34. Rf2 Bf6 35. Qxf6 Kxh6 36. g5+ Kh7 37. Qf7+ 1-0

[Event "28.Schlosspark-Open"]
[Site "Wiesbaden-Biebrich"]
[Date "2016.08.28"]
[Round "7.13"]
[White "Gentner, Markus"]
[Black "Henrich, David"]
[Result "0-1"]
[WhiteElo "2005"]
[BlackElo "2178"]
[PlyCount "178"]
[EventDate "2016.??.??"]
[WhiteTeam "SC Murrhardt"]
[BlackTeam "SK Niederbrechen"]

1. Nf3 d6 2. d4 Nf6 3. c4 g6 4. Nc3 Bg7 5. e4 O-O 6. Be2 e5 7. dxe5 dxe5 8.
Qxd8 Rxd8 9. Bg5 Re8 10. O-O-O h6 11. Bh4 Na6 12. Nd2 b6 13. f3 Nh5 14. Rhe1
Nf4 15. Bf1 g5 16. Bf2 Nb4 17. Nb3 c5 18. Nd5 Nfxd5 19. a3 Na2+ 20. Kc2 Ndb4+
21. Kb1 Be6 22. Rd2 Red8 23. Red1 Rxd2 24. Rxd2 Bf8 25. Be3 a5 26. axb4 Nxb4
27. Nc1 Be7 28. Na2 Nxa2 29. Kxa2 b5 30. Kb1 b4 31. g4 a4 32. Be2 b3 33. Bd3
Rb8 34. Rd1 Kf8 35. Rc1 f6 36. Be2 Kg7 37. Bd3 Rh8 38. Bf1 h5 39. h3 hxg4 40.
fxg4 Rd8 41. Be2 Bf7 42. Rc3 Bg6 43. Bf3 Kf7 44. Kc1 Rd7 45. Kb1 Ke8 46. Kc1
Kd8 47. Bf2 Kc7 48. Re3 Kc6 49. Re1 Bd8 50. Rd1 Rxd1+ 51. Kxd1 Bf7 52. Be2 Kb6
53. Kc1 Be7 54. Be1 Ka6 55. Bf2 Bd6 56. Be3 Be6 57. Bd3 Ka5 58. Bd2+ Kb6 59.
Be3 Bc7 60. Bd2 Kc6 61. Bc3 Bb6 62. Be2 Kb7 63. Kd2 Ka6 64. Bd3 Bf7 65. Be2 Bd8
66. Bd3 Bg6 67. Bb1 Bc7 68. Bd3 Bf7 69. Be2 Be6 70. Bd3 Kb7 71. Be2 Kc8 72. Bd3
Kd8 73. Ke2 Ke7 74. Kf3 Ke8 75. Ke3 Bc8 76. Kd2 Bb7 77. Bb1 Kf7 78. Ke3 Kg6 79.
Kf3 Kh6 80. Bd2 Kg6 81. Bc3 Kg7 82. Bd3 Bc6 83. Ke3 Be8 84. Kf2 f5 85. gxf5 Bh5
86. Be2 Bxe2 87. Kxe2 Kh6 88. Kf3 Kh5 89. Kg3 Ba5 0-1

[Event "28.Schlosspark-Open"]
[Site "Wiesbaden-Biebrich"]
[Date "2016.08.28"]
[Round "7.14"]
[White "Junker, Christian"]
[Black "Heinemann, Ernst"]
[Result "0-1"]
[WhiteElo "1981"]
[BlackElo "2177"]
[PlyCount "132"]
[EventDate "2016.??.??"]
[WhiteTeam "SV Neu-Isenburg"]
[BlackTeam "SK Oldenburg"]

1. Nf3 g6 2. g3 Bg7 3. d3 c5 4. Bg2 Nc6 5. e4 Nf6 6. O-O O-O 7. Qe2 d6 8. c3
Bd7 9. h3 a6 10. Be3 Rc8 11. a3 b5 12. Nbd2 h6 13. d4 cxd4 14. cxd4 d5 15. e5
Ne4 16. Nxe4 dxe4 17. Nd2 Be6 18. f4 Nxd4 19. Qf2 Nc2 20. Rac1 Qd3 21. Bxe4
Qxe3 22. Bxc2 Qxf2+ 23. Kxf2 Bxh3 24. Rh1 Rfd8 25. Ke3 Bg2 26. Rhg1 Bb7 27. Nb3
e6 28. Na5 Bd5 29. Be4 Bxe4 30. Kxe4 Rxc1 31. Rxc1 Rd2 32. b4 Bf8 33. Rc3 Kg7
34. Nc6 Ra2 35. Na5 g5 36. Nb7 gxf4 37. gxf4 Be7 38. Rg3+ Kf8 39. Rc3 Ke8 40.
Rd3 h5 41. Kd4 Rc2 42. Nd6+ Bxd6 43. exd6 f6 44. Ke4 Rc4+ 45. Kf3 Kd7 46. Kg3
Rc6 47. f5 Rxd6 48. Re3 e5 49. Kh4 Rd1 50. Kxh5 Rg1 51. Rd3+ Kc6 52. Kh4 Rg5
53. Rd8 Rxf5 54. Kg4 Rf1 55. Ra8 Kd5 56. Rxa6 f5+ 57. Kg3 Rb1 58. Rb6 Ke4 59.
Rxb5 Rb3+ 60. Kf2 Rxa3 61. Rb8 Ra2+ 62. Kf1 Rb2 63. b5 Ke3 64. b6 f4 65. b7 f3
66. Kg1 e4 0-1

[Event "28.Schlosspark-Open"]
[Site "Wiesbaden-Biebrich"]
[Date "2016.08.28"]
[Round "7.15"]
[White "Höglauer, Patrick"]
[Black "Stork, Oliver"]
[Result "0-1"]
[WhiteElo "2153"]
[BlackElo "1990"]
[PlyCount "118"]
[EventDate "2016.??.??"]
[WhiteTeam "SC Grunbach"]
[BlackTeam "SV Oberursel"]

1. d4 d5 2. c4 e6 3. Nc3 Nf6 4. cxd5 exd5 5. Bg5 Be7 6. e3 O-O 7. Qc2 c6 8. Bd3
Nbd7 9. Nf3 Re8 10. h3 Nf8 11. Bf4 Be6 12. O-O Rc8 13. Rab1 Bd6 14. Ne5 g6 15.
b4 Nh5 16. Bh2 Ng7 17. Qa4 a6 18. Qb3 Bf5 19. Na4 Qc7 20. Nc5 Bxd3 21. Ncxd3 f6
22. Nf3 Nf5 23. a4 Bxh2+ 24. Nxh2 b5 25. Nc5 Ra8 26. Nf3 Nd6 27. a5 Ne6 28.
Nxe6 Rxe6 29. Ne1 Nc4 30. Qc3 f5 31. Nd3 Rf6 32. Rbe1 Re8 33. Nc5 Qc8 34. Qd3
Rf7 35. Re2 Rfe7 36. Rfe1 Nd6 37. f3 Kf7 38. Qc2 Kg7 39. Qb3 Nc4 40. Qc3 Kg8
41. e4 dxe4 42. fxe4 fxe4 43. Rxe4 Qd8 44. Rxe7 Rxe7 45. Rxe7 Qxe7 46. Nxa6 Qe2
47. Qf3 Qe1+ 48. Qf1 Qd2 49. Qf2 Qc1+ 50. Kh2 Ne3 51. g3 Nf1+ 52. Kg2 Ne3+ 53.
Kf3 Nd5 54. Ke4 Qb1+ 55. Ke5 Nxb4 56. Ke6 Qe4+ 57. Kf6 Nd5+ 58. Kg5 Kg7 59. g4
Qe7+ 0-1

[Event "28.Schlosspark-Open"]
[Site "Wiesbaden-Biebrich"]
[Date "2016.08.28"]
[Round "7.16"]
[White "Held, Carsten"]
[Black "Köllner, Christof"]
[Result "0-1"]
[WhiteElo "1989"]
[BlackElo "2130"]
[PlyCount "58"]
[EventDate "2016.??.??"]
[WhiteTeam "SC Ladja Roßdorf"]
[BlackTeam "SV Bergneustadt/Derschlag"]

1. Nf3 d6 2. g3 e5 3. d3 Be7 4. c4 Nc6 5. Nc3 Nf6 6. Bg2 O-O 7. Rb1 Bd7 8. O-O
Qc8 9. b4 Bh3 10. b5 Nd8 11. Nd5 Nxd5 12. cxd5 a6 13. a4 Bd7 14. Qb3 axb5 15.
axb5 b6 16. Be3 Ra5 17. Qc4 Nb7 18. Rfc1 Nc5 19. d4 exd4 20. Bxd4 Qe8 21. Qc3
f6 22. Nd2 Bxb5 23. Nb3 Nxb3 24. Rxb3 Bd8 25. e4 Bd7 26. f4 Qh5 27. e5 fxe5 28.
fxe5 dxe5 29. Bxe5 Rc5 0-1

[Event "28.Schlosspark-Open"]
[Site "Wiesbaden-Biebrich"]
[Date "2016.08.28"]
[Round "7.17"]
[White "Biastoch, Bennet"]
[Black "Schultze, Jörg-Martin"]
[Result "1-0"]
[WhiteElo "2083"]
[BlackElo "1973"]
[PlyCount "87"]
[EventDate "2016.??.??"]
[WhiteTeam "AE Magdeburg"]
[BlackTeam "SF Anderssen Wetzlar"]

1. e4 c6 2. c4 d5 3. exd5 Nf6 4. Nc3 cxd5 5. d4 Nc6 6. Nf3 Be6 7. Bg5 Qa5 8. c5
g6 9. Bxf6 exf6 10. a3 Bh6 11. b4 Qd8 12. Be2 O-O 13. O-O Ne7 14. b5 f5 15. a4
g5 16. Ne5 Ng6 17. Nxg6 hxg6 18. a5 Kg7 19. a6 b6 20. cxb6 axb6 21. Na4 Rh8 22.
Ra3 g4 23. g3 Bg5 24. f4 Be7 25. Rc3 Rxh2 26. Kxh2 Qh8+ 27. Kg1 Qh3 28. Rf2 Rh8
29. Rg2 Bf6 30. Bf1 Bd7 31. Kf2 Qh1 32. Be2 Qxd1 33. Bxd1 Bxd4+ 34. Ke1 Bxc3+
35. Nxc3 d4 36. Nd5 Bxb5 37. Nb4 Re8+ 38. Kd2 Ra8 39. Be2 Bxe2 40. Rxe2 g5 41.
fxg5 Ra7 42. Kd3 Kg6 43. Rf2 Kxg5 44. Kxd4 1-0

[Event "28.Schlosspark-Open"]
[Site "Wiesbaden-Biebrich"]
[Date "2016.08.28"]
[Round "7.18"]
[White "Everett, Elijah"]
[Black "Fischer, Ulrich"]
[Result "1-0"]
[WhiteElo "2053"]
[BlackElo "1819"]
[PlyCount "61"]
[EventDate "2016.??.??"]
[WhiteTeam "SF Schöneck"]
[BlackTeam "Frankfurter TV"]

1. e4 e5 2. Nf3 Nc6 3. Bb5 Nf6 4. d3 Bc5 5. Nbd2 Nd4 6. Ba4 Qe7 7. c3 Nxf3+ 8.
Qxf3 O-O 9. O-O d6 10. h3 c6 11. Re1 Bb6 12. Nf1 Nd7 13. Ng3 Qf6 14. Nf5 Nc5
15. Bc2 Bxf5 16. exf5 d5 17. Qg3 Qxf5 18. Rxe5 Qg6 19. Rg5 Qf6 20. d4 Ne4 21.
Bxe4 dxe4 22. Bf4 g6 23. Re5 Rfe8 24. Re1 Rxe5 25. Bxe5 Qe6 26. b3 f5 27. f3
exf3 28. Qxf3 Qd7 29. Qd3 Re8 30. Qc4+ Qe6 31. Bd6 1-0

[Event "28.Schlosspark-Open"]
[Site "Wiesbaden-Biebrich"]
[Date "2016.08.28"]
[Round "7.19"]
[White "Schmidt, Volker"]
[Black "Ehmann, Thilo"]
[Result "0-1"]
[WhiteElo "1909"]
[BlackElo "2283"]
[PlyCount "60"]
[EventDate "2016.??.??"]
[WhiteTeam "TuS Dotzheim"]
[BlackTeam "SF Sasbach"]

1. c4 c5 2. g3 Nf6 3. Bg2 d5 4. cxd5 Nxd5 5. Nc3 Nc7 6. Nf3 Nc6 7. O-O e5 8.
Ne1 Be7 9. Bxc6+ bxc6 10. Qa4 Bd7 11. Qe4 f6 12. f4 exf4 13. Qxf4 Be6 14. d3
Nd5 15. Qa4 Qd7 16. Qd1 Bg4 17. Nf3 Rb8 18. Ne4 f5 19. Ne5 Qe6 20. Nxg4 fxe4
21. Nf2 e3 22. Ne4 h5 23. Rf3 h4 24. Qf1 hxg3 25. hxg3 Rh3 26. Qg2 Kd7 27. g4
Rxf3 28. exf3 Rh8 29. b3 Nf4 30. Qc2 Qh6 0-1

[Event "28.Schlosspark-Open"]
[Site "Wiesbaden-Biebrich"]
[Date "2016.08.28"]
[Round "7.20"]
[White "Pioch, Thomas"]
[Black "Müller, Peter"]
[Result "1-0"]
[WhiteElo "2135"]
[BlackElo "1912"]
[PlyCount "57"]
[EventDate "2016.??.??"]
[WhiteTeam "SF Mainz"]
[BlackTeam "Godesberger SK"]

1. d4 Nf6 2. Nf3 d5 3. Bf4 e6 4. e3 c5 5. c3 Nc6 6. Nbd2 Qb6 7. Qb3 c4 8. Qc2
Bd7 9. Be2 Qa6 10. O-O b5 11. e4 Ne7 12. Ne5 Ng6 13. Nxd7 Nxd7 14. Bg3 Be7 15.
exd5 exd5 16. Bf3 Nb6 17. Bc7 Qb7 18. Bxb6 axb6 19. Qf5 Rd8 20. g3 Qd7 21.
Qxd7+ Rxd7 22. a3 O-O 23. Rfe1 Re8 24. Re2 Kf8 25. Rae1 Rdd8 26. h4 Nh8 27. Re5
h6 28. Rxd5 g5 29. h5 1-0

[Event "28.Schlosspark-Open"]
[Site "Wiesbaden-Biebrich"]
[Date "2016.08.28"]
[Round "7.21"]
[White "Leidorf, Sebastian"]
[Black "Erlekam, Simon"]
[Result "0-1"]
[WhiteElo "2097"]
[BlackElo "1799"]
[PlyCount "88"]
[EventDate "2016.??.??"]
[WhiteTeam "SV Bergwinkel"]
[BlackTeam "SK Gau-Algesheim"]

1. c4 e5 2. g3 Nf6 3. Bg2 g6 4. Nc3 Bg7 5. e4 O-O 6. Nge2 d6 7. O-O c6 8. d3
Na6 9. h3 Ne8 10. Be3 f5 11. exf5 Bxf5 12. a3 Nac7 13. d4 Nf6 14. Qd2 Qe7 15.
Rac1 Rad8 16. d5 c5 17. b4 b6 18. Bg5 Qe8 19. g4 Bc8 20. Rb1 Ba6 21. b5 Bc8 22.
Ng3 Rd7 23. Rbe1 Rdf7 24. f4 Nd7 25. f5 Nf6 26. Bxf6 Bxf6 27. g5 gxf5 28. gxf6
Rxf6 29. Kh2 Kh8 30. Rg1 Rg8 31. Qf2 Qf7 32. Bf3 Rh6 33. Nh5 Rgg6 34. Qh4 Ne8
35. Qd8 Qd7 36. Qxd7 Bxd7 37. Rg2 f4 38. Bg4 Bxg4 39. hxg4 Nf6 40. Kg1 Nxg4 41.
Nxf4 exf4 42. Re8+ Kg7 43. Ne4 f3 44. Rg3 Nf6 0-1

[Event "28.Schlosspark-Open"]
[Site "Wiesbaden-Biebrich"]
[Date "2016.08.28"]
[Round "7.24"]
[White "Flach, Erich"]
[Black "Chernykh, Arkady"]
[Result "1/2-1/2"]
[WhiteElo "2073"]
[BlackElo "1900"]
[PlyCount "61"]
[EventDate "2016.??.??"]
[WhiteTeam "SK Langen"]
[BlackTeam "Karlsruher SF"]

1. d4 Nf6 2. c4 g6 3. Nc3 Bg7 4. e4 d6 5. Nf3 O-O 6. Be2 e5 7. O-O Nc6 8. Be3
Nd7 9. Qd2 exd4 10. Nxd4 Nxd4 11. Bxd4 Bxd4 12. Qxd4 Qf6 13. Rad1 Qxd4 14. Rxd4
Nf6 15. Nd5 Nxd5 16. cxd5 Bd7 17. Rc1 Rac8 18. Rc3 c5 19. dxc6 Rxc6 20. Rxc6
Bxc6 21. Bc4 Rd8 22. f3 Kf8 23. Kf2 Ke7 24. Ke3 Bd7 25. Bd5 Be6 26. Rd2 Bxd5
27. Rxd5 Rc8 28. Kd2 Rc5 29. Kd3 Ke6 30. Rd4 h6 31. b4 1/2-1/2

[Event "28.Schlosspark-Open"]
[Site "Wiesbaden-Biebrich"]
[Date "2016.08.28"]
[Round "7.25"]
[White "Rolf, Marco"]
[Black "Berger, Ewald"]
[Result "1-0"]
[WhiteElo "2058"]
[BlackElo "1886"]
[PlyCount "63"]
[EventDate "2016.??.??"]
[WhiteTeam "SK Bad Homburg"]
[BlackTeam "SC Butzbach"]

1. d4 Nf6 2. c4 c5 3. d5 d6 4. Nc3 g6 5. e4 Bg7 6. h3 O-O 7. Nf3 Na6 8. Bd3 e5
9. Be3 Nc7 10. Qd2 Re8 11. Nh2 a6 12. a4 Bd7 13. O-O b6 14. f4 exf4 15. Bxf4
Nh5 16. Be3 f5 17. Rf3 fxe4 18. Bxe4 b5 19. Bg5 Bd4+ 20. Kh1 Qc8 21. g4 b4 22.
gxh5 bxc3 23. bxc3 Rxe4 24. cxd4 cxd4 25. hxg6 hxg6 26. Raf1 Bf5 27. Bf6 Ne8
28. Rxf5 gxf5 29. Qg5+ Kf7 30. Rxf5 Qxf5 31. Qxf5 Nxf6 32. Ng4 1-0

[Event "28.Schlosspark-Open"]
[Site "Wiesbaden-Biebrich"]
[Date "2016.08.28"]
[Round "7.26"]
[White "Launert, Martin"]
[Black "Köllner, Ruben Gideon"]
[Result "0-1"]
[WhiteElo "1880"]
[BlackElo "2053"]
[PlyCount "86"]
[EventDate "2016.??.??"]
[WhiteTeam "Sfr. Erbach"]
[BlackTeam "SG Bochum"]

1. e4 d6 2. d4 Nf6 3. Nc3 e5 4. dxe5 dxe5 5. Qxd8+ Kxd8 6. Bc4 Be6 7. Bxe6 fxe6
8. Bg5 Bd6 9. f3 Ke7 10. Nge2 Nbd7 11. a3 a6 12. O-O-O b5 13. Na2 a5 14. Be3
Rhb8 15. Kd2 b4 16. axb4 axb4 17. Nac1 c5 18. Ke1 c4 19. Kf2 Rf8 20. Kg3 Nh5+
21. Kh3 Nf4+ 22. Kg3 Rf6 23. Kf2 Rff8 24. g3 Nh5 25. Kg2 Nc5 26. Rd2 Na4 27.
Rhd1 Ra6 28. c3 b3 29. Ng1 Nf6 30. Nh3 h6 31. Nf2 Bc5 32. Bxc5+ Nxc5 33. Ne2
Ra2 34. Nc1 Ra1 35. Ne2 Rxd1 36. Nxd1 Nfxe4 37. Nf4 Nxd2 38. Ng6+ Kf7 39. Nxf8
Kxf8 40. Kf2 Na4 41. Ke2 Nb1 42. f4 exf4 43. gxf4 Nbxc3+ 0-1

[Event "28.Schlosspark-Open"]
[Site "Wiesbaden-Biebrich"]
[Date "2016.08.28"]
[Round "7.27"]
[White "Frey, Thomas"]
[Black "Köllner, Aaron Noah"]
[Result "1-0"]
[WhiteElo "2052"]
[BlackElo "1819"]
[PlyCount "53"]
[EventDate "2016.??.??"]
[WhiteTeam "SV Reutlingen"]
[BlackTeam "SV Bergneustadt/Derschlag"]

1. e4 c5 2. c3 d5 3. exd5 Qxd5 4. d4 Nc6 5. Nf3 Bg4 6. Be2 Nf6 7. c4 Qd8 8. d5
Bxf3 9. Bxf3 Nd4 10. O-O g6 11. Be3 Qb6 12. Nc3 Nxf3+ 13. Qxf3 Bg7 14. Rab1 Nd7
15. Ne4 Ne5 16. Qe2 Qa6 17. b3 b6 18. Bg5 Qb7 19. f4 h6 20. fxe5 hxg5 21. Nxg5
O-O 22. Qe4 f5 23. Qh4 Rf7 24. Qh7+ Kf8 25. Ne6+ Ke8 26. Nxg7+ Kd7 27. e6+ 1-0

[Event "28.Schlosspark-Open"]
[Site "Wiesbaden-Biebrich"]
[Date "2016.08.28"]
[Round "7.28"]
[White "Trumpp, Lothar"]
[Black "Fröhlich-Dill, Astrid"]
[Result "1-0"]
[WhiteElo "2045"]
[BlackElo "1813"]
[PlyCount "93"]
[EventDate "2016.??.??"]
[WhiteTeam "VSG Offenbach"]
[BlackTeam "SV Hofheim"]

1. Nc3 d5 2. e4 d4 3. Nce2 e5 4. Ng3 Nf6 5. Bc4 b6 6. Nf3 Bd6 7. a3 O-O 8. d3
h6 9. O-O a6 10. Qe2 b5 11. Bb3 c5 12. a4 bxa4 13. Rxa4 Bd7 14. Ra1 a5 15. Nh4
Nc6 16. Nhf5 Be6 17. Bxe6 fxe6 18. Nxd6 Qxd6 19. h3 Ne7 20. Bd2 Nc6 21. f4 exf4
22. Bxf4 Ne5 23. Nh5 Nfd7 24. Qe1 Qe7 25. Qg3 g6 26. Bxe5 Nxe5 27. Qxe5 gxh5
28. Qxh5 Kh7 29. Rxf8 Rxf8 30. Rxa5 Qf6 31. Qe2 Qf4 32. Ra1 Qg5 33. g3 h5 34.
Rf1 Rxf1+ 35. Kxf1 Qc1+ 36. Kg2 Kg6 37. h4 e5 38. g4 hxg4 39. Qxg4+ Kh6 40.
Qg5+ Qxg5+ 41. hxg5+ Kxg5 42. Kf3 Kh4 43. Ke2 Kg4 44. Kd2 Kf3 45. c3 Kf4 46.
cxd4 cxd4 47. Kc2 1-0

[Event "28.Schlosspark-Open"]
[Site "Wiesbaden-Biebrich"]
[Date "2016.08.28"]
[Round "7.29"]
[White "Werner, Dimo"]
[Black "Weiland, Thomas"]
[Result "1/2-1/2"]
[WhiteElo "2040"]
[BlackElo "1800"]
[PlyCount "51"]
[EventDate "2016.??.??"]
[WhiteTeam "TSV Schott Mainz"]
[BlackTeam "SV Oberursel"]

1. c4 c5 2. Nc3 Nc6 3. g3 g6 4. Bg2 Bg7 5. Nf3 Nf6 6. O-O O-O 7. d3 d6 8. a3
Bd7 9. Rb1 Qc8 10. b4 cxb4 11. axb4 Bh3 12. b5 Nd8 13. Bg5 Bxg2 14. Kxg2 h6 15.
Bxf6 Bxf6 16. Nd5 Re8 17. b6 Ne6 18. Nxf6+ exf6 19. bxa7 Rxa7 20. Ra1 Rxa1 21.
Qxa1 f5 22. Rb1 Qc6 23. Qa7 Re7 24. Qb6 f6 25. Qxc6 bxc6 26. Rb6 1/2-1/2

[Event "28.Schlosspark-Open"]
[Site "Wiesbaden-Biebrich"]
[Date "2016.08.28"]
[Round "7.30"]
[White "Berberich, Christoph"]
[Black "Lanz, Udo"]
[Result "1-0"]
[WhiteElo "2026"]
[BlackElo "1750"]
[PlyCount "37"]
[EventDate "2016.??.??"]
[WhiteTeam "FSF 1887 Zähringen"]
[BlackTeam "VSG Offenbach"]

1. d4 f5 2. Bg5 g6 3. h4 h6 4. Bf4 Nf6 5. Nf3 d6 6. e3 Bg7 7. Bd3 O-O 8. Nc3 c6
9. Qd2 b5 10. a3 a5 11. e4 Kh7 12. exf5 Bxf5 13. Bxf5 gxf5 14. Qd3 Nh5 15. Ne2
Nxf4 16. Nxf4 Qd7 17. O-O-O e6 18. Rhe1 Re8 19. Rxe6 1-0